| 000 | 00950nam a2200217 i 4500 | ||
|---|---|---|---|
| 001 | 81113 | ||
| 003 | ES-MaACL | ||
| 005 | 20250727024448.0 | ||
| 007 | t| | ||
| 008 | 041103s1917 sp |||| | spa d | ||
| 100 | 1 |
_aHoyos Sáinz, Luis de, _d1868-1951 _964437 |
|
| 245 | 1 | 3 |
_aLa antropología _b: métodos y problemas : conferencia de la Sección de Ciencias Exactas, Físicas y Naturales del Ateneo de Madrid, mayo de 1915 / _cpor Luis de Hoyos Sáinz. |
| 260 |
_aMadrid : _b[s.n.], _c1917 ( _fImp. Clásica Española) |
||
| 300 |
_a40 p. ; _c23 cm. |
||
| 500 | _aConferencias de la Sección de Ciencias del Ateneo de Madrid. | ||
| 610 | 2 | 4 |
_aAteneo de Madrid- _vConferencias- _y1900-1939 _91907 |
| 650 | 7 |
_aAntropología física _2embne _99893 |
|
| 710 | 2 |
_aAteneo de Madrid. _bSección de Ciencias Exactas, Físicas y Naturales. _91978 |
|
| 852 |
_aES-MaACL _j1531-F-10 _z. - Dedicatoria autógrafa del autor |
||
| 999 |
_c81113 _d81113 |
||